[Event "FRM-chT 22nd"]
[Site "Struga"]
[Date "2013.08.04"]
[Round "7.1"]
[White "Stefanovski, Dusko"]
[Black "Todorovski, Tome"]
[Result "1-0"]
[WhiteElo "2326"]
[BlackElo "2216"]
[PlyCount "65"]
[EventDate "2013.07.29"]
[EventType "team-tourn"]
[EventRounds "7"]
[EventCountry "MKD"]
[SourceTitle "CBM 155 Extra"]
[Source "ChessBase"]
[SourceDate "2013.08.26"]
[SourceVersion "1"]
[SourceVersionDate "2013.08.26"]
[SourceQuality "1"]
[WhiteTeam "Prilep"]
[BlackTeam "Bitola Stevo Patako"]
[WhiteTeamCountry "MKD"]
[BlackTeamCountry "MKD"]

1. e4 e5 2. Nf3 Nc6 3. Bb5 Nge7 4. 0-0 d6 5. d4 Bd7 6. Nc3 Ng6 7. Re1 Be7 8. Nd5 0-0 9. c3 Bg4 10. Be3 Kh8 11. h3 Bd7 12. Nxe7 Qxe7 13. d5 Nd8 14. Bxd7 Qxd7 15. Ng5 h6 16. Nf3 f5 17. exf5 Rxf5 18. Nd2 Nf4 19. Ne4 Rf8 20. c4 b6 21. Qg4 Qf7 22. g3 Nh5 23. Qh4 Qg6 24. Qg4 Kh7 25. b4 Nf6 26. Qxg6+ Kxg6 27. Nc3 Nb7 28. Kg2 a6 29. f3 Rf7 30. a3 Kh7 31. g4 Nd7 32. Rf1 g5 33. h4 1-0

[Event "FRM-chT 21st"]
[Site "Struga"]
[Date "2012.07.22"]
[Round "7.2"]
[White "Stefanovski, Dusko"]
[Black "Glavinac, Goran"]
[Result "1-0"]
[WhiteElo "2327"]
[BlackElo "2173"]
[PlyCount "105"]
[EventDate "2012.07.16"]
[EventType "team-tourn"]
[EventRounds "7"]
[EventCountry "MKD"]
[SourceTitle "CBM 149 Extra"]
[Source "ChessBase"]
[SourceDate "2012.08.24"]
[SourceVersion "1"]
[SourceVersionDate "2012.08.24"]
[SourceQuality "1"]
[WhiteTeam "Prilep"]
[BlackTeam "Skopje Karposh"]
[WhiteTeamCountry "MKD"]
[BlackTeamCountry "MKD"]

1. e4 c6 2. Nc3 d5 3. Nf3 Bg4 4. Be2 e6 5. d4 Nf6 6. h3 Bxf3 7. Bxf3 dxe4 8. Nxe4 Nxe4 9. Bxe4 Nd7 10. 0-0 Nf6 11. Bf3 Bd6 12. c4 0-0 13. Re1 a5 14. Qb3 Rb8 15. g3 h6 16. Be3 Qd7 17. Qc2 b5 18. b3 Rfc8 19. Rad1 Qb7 20. Rb1 Qa6 21. Kg2 a4 22. Red1 Ra8 23. Qe2 Rab8 24. h4 axb3 25. axb3 bxc4 26. bxc4 Rxb1 27. Rxb1 Rb8 28. Rxb8+ Bxb8 29. Qb2 Bd6 30. Qc2 Be7 31. Bf4 Nd7 32. Be2 Bf6 33. Qe4 c5 34. d5 e5 35. Be3 Qd6 36. Bg4 Nf8 37. Qf5 Be7 38. Qc8 g5 39. hxg5 hxg5 40. Qc6 Nh7 41. Bf5 Nf8 42. Bxg5 f6 43. Qxd6 Bxd6 44. Bxf6 Kf7 45. Bg5 Ng6 46. Bxg6+ Kxg6 47. Be3 Kf5 48. f3 Be7 49. g4+ Kg6 50. Kf2 Bd6 51. Ke2 Kf7 52. Kd3 Kg6 53. Ke4 1-0

[Event "FRM-chT 21st"]
[Site "Struga"]
[Date "2012.07.19"]
[Round "4.2"]
[White "Damljanovic, Branko"]
[Black "Stefanovski, Dusko"]
[Result "1-0"]
[WhiteElo "2564"]
[BlackElo "2327"]
[PlyCount "73"]
[EventDate "2012.07.16"]
[EventType "team-tourn"]
[EventRounds "7"]
[EventCountry "MKD"]
[SourceTitle "CBM 149 Extra"]
[Source "ChessBase"]
[SourceDate "2012.08.24"]
[SourceVersion "1"]
[SourceVersionDate "2012.08.24"]
[SourceQuality "1"]
[WhiteTeam "Skopje Kisela Voda"]
[BlackTeam "Prilep"]
[WhiteTeamCountry "MKD"]
[BlackTeamCountry "MKD"]

1. c4 Nf6 2. Nc3 c5 3. Nf3 e6 4. g3 Be7 5. Bg2 0-0 6. d4 cxd4 7. Nxd4 d5 8. cxd5 exd5 9. 0-0 Nc6 10. Be3 Re8 11. Rc1 Bg4 12. h3 Be6 13. Qa4 Na5 14. Nxe6 fxe6 15. Rcd1 a6 16. Qc2 Rc8 17. Qb1 b5 18. Ne4 Nd7 19. Nd2 Bf6 20. Nf3 Qe7 21. b3 Nc6 22. h4 h6 23. Bh3 Nde5 24. Nxe5 Bxe5 25. f4 Bf6 26. Bf2 Nb4 27. Rc1 d4 28. Rxc8 Rxc8 29. Qe4 Kf7 30. g4 g6 31. g5 Bh8 32. h5 Rg8 33. Bg4 gxh5 34. Bxh5+ Kf8 35. Qa8+ Kg7 36. Bxd4+ Kh7 37. Qe4+ 1-0

[Event "FRM-chT 21st"]
[Site "Struga"]
[Date "2012.07.16"]
[Round "1.1"]
[White "Stamenkov, Vanco"]
[Black "Stefanovski, Dusko"]
[Result "1/2-1/2"]
[WhiteElo "2319"]
[BlackElo "2327"]
[PlyCount "101"]
[EventDate "2012.07.16"]
[EventType "team-tourn"]
[EventRounds "7"]
[EventCountry "MKD"]
[SourceTitle "CBM 149 Extra"]
[Source "ChessBase"]
[SourceDate "2012.08.24"]
[SourceVersion "1"]
[SourceVersionDate "2012.08.24"]
[SourceQuality "1"]
[WhiteTeam "Kochani"]
[BlackTeam "Prilep"]
[WhiteTeamCountry "MKD"]
[BlackTeamCountry "MKD"]

1. d4 Nf6 2. c4 e5 3. dxe5 Ng4 4. Bf4 g5 5. Bg3 Nc6 6. Nf3 Bg7 7. Nc3 Ngxe5 8. Nxe5 Nxe5 9. e4 d6 10. Be2 Be6 11. Nd5 c6 12. Ne3 Qa5+ 13. Qd2 Qxd2+ 14. Kxd2 Rd8 15. Rhd1 0-0 16. Ke1 Rd7 17. Rd2 Rfd8 18. Rad1 Kf8 19. Kf1 Ke7 20. h3 Ng6 21. Bg4 Be5 22. Nf5+ Kf6 23. b3 Nf4 24. Ne3 h5 25. Bf3 a6 26. Bh2 Rg8 27. Bxf4 gxf4 28. Nc2 h4 29. c5 Rgd8 30. cxd6 Rxd6 31. Rxd6 Rxd6 32. Rxd6 Bxd6 33. Bg4 Ke5 34. Bxe6 fxe6 35. f3 Bc5 36. Ke2 b5 37. Kd3 Kd6 38. Kc3 a5 39. Kd3 Bf2 40. Ke2 Bb6 41. Ne1 e5 42. Nd3 Bd4 43. Ne1 Bb6 44. Kd3 Bf2 45. Nc2 Bb6 46. Kc3 Bf2 47. Kd2 Bb6 48. Ne1 a4 49. Nc2 axb3 50. axb3 Bc5 51. Kd3 1/2-1/2

[Event "Struga"]
[Site "Struga"]
[Date "1991.??.??"]
[Round "9"]
[White "Dimovski, Nikola"]
[Black "Stefanovski, Dusko"]
[Result "1-0"]
[WhiteElo "2385"]
[BlackElo "2300"]
[PlyCount "81"]
[EventDate "1991.??.??"]
[EventType "tourn"]
[EventRounds "13"]
[EventCountry "YUG"]
[SourceTitle "EXT 1999"]
[Source "ChessBase"]
[SourceDate "1998.11.16"]
[SourceVersion "1"]
[SourceVersionDate "1998.11.16"]
[SourceQuality "1"]

1. d4 Nf6 2. Nf3 e6 3. e3 b6 4. Bd3 Bb7 5. Nbd2 c5 6. 0-0 Be7 7. b3 0-0 8. Bb2 Nc6 9. a3 Re8 10. Re1 d6 11. e4 cxd4 12. Nxd4 Nxd4 13. Bxd4 Nd7 14. Bb5 Rc8 15. c4 Rc7 16. Qe2 Bc6 17. Bxc6 Rxc6 18. Red1 Rc7 19. Ra2 Bf8 20. Qf3 Qa8 21. Nf1 Rec8 22. Ng3 Qc6 23. Nh5 e5 24. Ba1 b5 25. cxb5 Qxb5 26. Rad2 Nc5 27. b4 Ne6 28. Ng3 g6 29. Nf1 Qb7 30. h4 Rc4 31. Ne3 Qxe4 32. Nxc4 Qxf3 33. gxf3 Rxc4 34. Rd5 Nf4 35. Ra5 Rc7 36. Kf1 f6 37. Bb2 Ne6 38. Bc1 Rc6 39. Be3 d5 40. Raxd5 a6 41. Rc1 1-0

[Event "Struga"]
[Site "Struga"]
[Date "1991.??.??"]
[Round "7"]
[White "Kocovski, Ivan"]
[Black "Stefanovski, Dusko"]
[Result "1/2-1/2"]
[WhiteElo "2325"]
[BlackElo "2300"]
[PlyCount "41"]
[EventDate "1991.??.??"]
[EventType "tourn"]
[EventRounds "13"]
[EventCountry "YUG"]
[SourceTitle "EXT 1999"]
[Source "ChessBase"]
[SourceDate "1998.11.16"]
[SourceVersion "1"]
[SourceVersionDate "1998.11.16"]
[SourceQuality "1"]

1. e4 e5 2. Nc3 Nc6 3. Bc4 Nf6 4. d3 Bb4 5. Nge2 d5 6. exd5 Nxd5 7. 0-0 Nxc3 8. Nxc3 0-0 9. Qh5 Nd4 10. Ne4 Be7 11. c3 Nc6 12. Ng5 Bxg5 13. Bxg5 Qd6 14. Rfe1 Bf5 15. Rad1 Bg6 16. Qh4 Rfe8 17. Qg3 a6 18. Bb3 Na5 19. Bc2 f6 20. Bc1 c5 21. f4 1/2-1/2

[Event "Struga"]
[Site "Struga"]
[Date "1991.??.??"]
[Round "1"]
[White "Stefanovski, Dusko"]
[Black "Organdziev, Oliver"]
[Result "1-0"]
[WhiteElo "2300"]
[BlackElo "2320"]
[PlyCount "133"]
[EventDate "1991.??.??"]
[EventType "tourn"]
[EventRounds "13"]
[EventCountry "YUG"]
[SourceTitle "EXT 1999"]
[Source "ChessBase"]
[SourceDate "1998.11.16"]
[SourceVersion "1"]
[SourceVersionDate "1998.11.16"]
[SourceQuality "1"]

1. e4 e5 2. Nf3 Nc6 3. Bb5 a6 4. Bxc6 dxc6 5. Nc3 Bg4 6. h3 Bxf3 7. Qxf3 g6 8. d3 Bg7 9. 0-0 Nf6 10. Bg5 h6 11. Be3 Nd7 12. Qg3 g5 13. h4 Bf6 14. hxg5 hxg5 15. Ne2 Qe7 16. Qf3 g4 17. Qxg4 0-0-0 18. Ng3 Rdg8 19. Qe2 Bg5 20. Nf5 Qf6 21. g3 Bxe3 22. Qxe3 Kb8 23. Kg2 Nf8 24. Rh1 Ne6 25. Rxh8 Rxh8 26. Rh1 Rg8 27. Rh6 Qd8 28. Kf1 c5 29. Rh7 Qd7 30. b3 c4 31. bxc4 Qa4 32. Qc1 Qxa2 33. Rxf7 Rh8 34. Kg2 Nd8 35. Rd7 Nc6 36. Ne3 Nd4 37. Rd5 Ne2 38. Qe1 Nd4 39. Qd1 Qb2 40. c5 a5 41. Nc4 Qc3 42. c6 Nxc6 43. Qb1 Kc8 44. Rc5 Qd4 45. Rd5 Qc3 46. Rb5 b6 47. Ne3 Qa3 48. Qd1 Kb7 49. Rb1 Qe7 50. Nf5 Qh7 51. c3 Qh3+ 52. Kf3 Qh5+ 53. Ke3 Qg5+ 54. Ke2 Rd8 55. Qh1 Qg8 56. Rb2 a4 57. Qa1 Ra8 58. Qa3 Qg4+ 59. Ke1 Qf3 60. Ne3 Rh8 61. Re2 Nd4 62. cxd4 exd4 63. Nd1 Qg2 64. Kd2 Qf3 65. Qxa4 Ra8 66. Qxd4 Ra2+ 67. Nb2 1-0

[Event "YUG-ch"]
[Site "Kladovo"]
[Date "1991.??.??"]
[Round "1"]
[White "Stefanovski, Dusko"]
[Black "Panzalovic, Srdjan"]
[Result "1-0"]
[WhiteElo "2300"]
[BlackElo "2410"]
[PlyCount "87"]
[EventDate "1991.02.??"]
[EventType "swiss"]
[EventRounds "13"]
[EventCountry "YUG"]
[SourceTitle "TD"]
[Source "ChessBase"]
[SourceDate "1994.03.01"]
[SourceVersion "1"]
[SourceVersionDate "1994.03.01"]
[SourceQuality "1"]

1. e4 c5 2. Nf3 e6 3. d4 cxd4 4. Nxd4 Nf6 5. Nc3 d6 6. Be2 a6 7. f4 Be7 8. 0-0 0-0 9. Be3 Nc6 10. Kh1 Qc7 11. Qe1 Nxd4 12. Bxd4 b5 13. e5 dxe5 14. Bxe5 Qb6 15. Qg3 Bb7 16. Bd3 g6 17. Qg5 Qd8 18. Qh6 Nh5 19. Rad1 Qe8 20. f5 Bf6 21. Rde1 exf5 22. Rxf5 Bg7 23. Qd2 gxf5 24. Bxg7 Bxg2+ 25. Kg1 Qc6 26. Bxf8 Bh3 27. Re3 Qg6+ 28. Kh1 Qc6+ 29. Kg1 Qg6+ 30. Kh1 Qc6+ 31. Ne4 fxe4 32. Bxe4 Qd7 33. Qxd7 Bxd7 34. Bxa8 Kxf8 35. Bb7 a5 36. Re5 Nf4 37. Kg1 f6 38. Rc5 Ne6 39. Rh5 Kg7 40. Bf3 Nf4 41. Rc5 Ne6 42. Rd5 Bc6 43. Rd6 Bxf3 44. Rxe6 1-0

[Event "Struga"]
[Site "Struga"]
[Date "1991.??.??"]
[Round "4"]
[White "Stefanovski, Dusko"]
[Black "Stanojoski, Zvonko"]
[Result "1/2-1/2"]
[WhiteElo "2300"]
[BlackElo "2370"]
[PlyCount "126"]
[EventDate "1991.??.??"]
[EventType "tourn"]
[EventRounds "13"]
[EventCountry "YUG"]
[SourceTitle "EXT 1999"]
[Source "ChessBase"]
[SourceDate "1998.11.16"]
[SourceVersion "1"]
[SourceVersionDate "1998.11.16"]
[SourceQuality "1"]

1. e4 c5 2. Nf3 g6 3. d4 cxd4 4. Nxd4 Nf6 5. Nc3 Bg7 6. g3 0-0 7. Bg2 Nc6 8. Nde2 Rb8 9. 0-0 b5 10. Nd5 d6 11. h3 a5 12. Be3 b4 13. Nd4 Bb7 14. Re1 Ne5 15. Bg5 Ned7 16. Qd2 e6 17. Nxf6+ Nxf6 18. Rad1 Qb6 19. Nb3 a4 20. Nc1 Rfc8 21. Qxd6 Qxd6 22. Rxd6 Ne8 23. Rb6 Bxb2 24. Rd1 Bc6 25. Rxb8 Rxb8 26. Nd3 Bc3 27. Rb1 a3 28. Be7 Ba4 29. Bxb4 Bxc2 30. Rc1 Bxb4 31. Rxc2 Bf8 32. e5 Rd8 33. Bf1 h5 34. f4 Ng7 35. g4 hxg4 36. hxg4 g5 37. fxg5 Rd4 38. Be2 Rd8 39. Ne1 Rb8 40. Kf2 Be7 41. Nf3 Ne8 42. Ke3 Kg7 43. Bd3 Rb7 44. Be4 Ra7 45. Kf4 Bf8 46. Nd4 Nc7 47. g6 Na6 48. gxf7 Kxf7 49. Rc6 Nc5 50. g5 Ra4 51. Rc7+ Kg8 52. Ke3 Rc4 53. Bg6 Rc3+ 54. Ke2 Rg3 55. Bf7+ Kh8 56. g6 Rg5 57. Nf3 Rg2+ 58. Kf1 Rxa2 59. Be8 Ra1+ 60. Kg2 Kg8 61. Ra7 Nd3 62. Kg3 Nxe5 63. Nxe5 Bd6 1/2-1/2

[Event "YUG-ch sf"]
[Site "Kladovo"]
[Date "1990.??.??"]
[Round "1"]
[White "Todorovic, Goran M"]
[Black "Stefanovski, Dusko"]
[Result "1/2-1/2"]
[WhiteElo "2415"]
[BlackElo "2315"]
[PlyCount "72"]
[EventDate "1990.??.??"]
[EventType "swiss"]
[EventRounds "13"]
[EventCountry "YUG"]
[SourceTitle "TD"]
[Source "ChessBase"]
[SourceDate "1994.03.01"]
[SourceVersion "1"]
[SourceVersionDate "1994.03.01"]
[SourceQuality "1"]

1. e4 c5 2. Nf3 Nf6 3. Nc3 Nc6 4. d4 d5 5. exd5 Nxd5 6. Nxd5 Qxd5 7. Be3 cxd4 8. Nxd4 Bd7 9. Nb5 Qxd1+ 10. Rxd1 Rc8 11. Nxa7 Nxa7 12. Bxa7 Rxc2 13. Bd4 e6 14. Bd3 Rc8 15. 0-0 Bc6 16. f3 Rd8 17. Bb6 Ra8 18. Bc4 Be7 19. Rf2 0-0 20. Be3 Rfc8 21. Bb3 h5 22. Rc2 Bf6 23. Kf2 g6 24. Bd4 Bh4+ 25. g3 Be7 26. a3 Rd8 27. Rcd2 Ra5 28. Bc3 Rxd2+ 29. Rxd2 Rf5 30. f4 h4 31. Bd1 g5 32. Bc2 hxg3+ 33. hxg3 Rd5 34. Rxd5 Bxd5 35. Ke3 gxf4+ 36. gxf4 Kf8 1/2-1/2

[Event "YUG-ch sf"]
[Site "Kladovo"]
[Date "1989.??.??"]
[Round "?"]
[White "Stefanovski, Dusko"]
[Black "Fercec, Nenad"]
[Result "1/2-1/2"]
[WhiteElo "2340"]
[BlackElo "2390"]
[PlyCount "93"]
[EventDate "1989.??.??"]
[EventType "swiss"]
[EventRounds "11"]
[EventCountry "YUG"]
[SourceTitle "EXT 2009"]
[Source "ChessBase"]
[SourceDate "2008.11.26"]
[SourceVersion "1"]
[SourceVersionDate "2008.11.26"]
[SourceQuality "1"]

1. e4 e5 2. Nf3 Nc6 3. Bb5 a6 4. Bxc6 dxc6 5. Nc3 f6 6. d4 exd4 7. Qxd4 Qxd4 8. Nxd4 Bd6 9. Nde2 Ne7 10. Bf4 Be6 11. 0-0-0 0-0-0 12. f3 Bc5 13. Rxd8+ Rxd8 14. Rd1 Ng6 15. Rxd8+ Kxd8 16. Bg3 Be3+ 17. Kb1 h5 18. Nd1 Bd2 19. Nd4 Bc4 20. Nf5 Be2 21. Nde3 Ne7 22. Nxe7 Kxe7 23. Nf5+ Kf8 24. Bxc7 Bf1 25. g4 hxg4 26. Ng3 Bg2 27. fxg4 Bh3 28. c4 Bxg4 29. Kc2 Bg5 30. Nf5 g6 31. h4 Bxf5 32. hxg5 Bxe4+ 33. Kd2 fxg5 34. Ke3 Bf5 35. Bd8 Be6 36. b3 g4 37. a4 Ke8 38. Bb6 Kd7 39. Kf4 Bf5 40. a5 Bc2 41. b4 Bb3 42. c5 Bd1 43. Kg3 Ke6 44. Bd8 Kd5 45. Bb6 Kc4 46. Kf2 Kxb4 47. Kg3 1/2-1/2